[Event "IECC O-3309"]
[Site "IECC email"]
[Date "2011.03.20"]
[Round "?"]
[White "Laramore, Victor"]
[Black "Tan, Rufilo A Jr"]
[Result "1-0"]
[WhiteElo "1698"]
[BlackElo "1600"]
[PlyCount "111"]
[EventDate "2011.??.??"]
[EventType "swiss (corr)"]
[EventRounds "2"]
[SourceTitle "Telechess CBM 145"]
[Source "Chessbase"]
[SourceDate "2011.11.11"]
[SourceVersion "1"]
[SourceVersionDate "2011.11.11"]
[SourceQuality "1"]
[WhiteTeam "US of America"]
[BlackTeam "Philippines"]
[WhiteTeamCountry "USA"]
[BlackTeamCountry "PHI"]

1. e4 e6 2. d4 d5 3. Nc3 Bb4 4. e5 c5 5. a3 Bxc3+ 6. bxc3 Ne7 7. Qg4 Qc7 8. Bd3 c4 9. Be2 Nf5 10. Nf3 Nc6 11. 0-0 Bd7 12. a4 0-0-0 13. Ng5 Be8 14. Qh3 h6 15. Bg4 Nce7 16. a5 Kb8 17. Be2 Ng6 18. Nf3 f6 19. Bd2 h5 20. Rfb1 Bd7 21. a6 b6 22. g3 Rdf8 23. Ra2 fxe5 24. Nxe5 Nxe5 25. Bf4 Nxd4 26. cxd4 Rxf4 27. gxf4 Ng6 28. Qg3 Nxf4 29. Re1 Rh6 30. Kh1 Rg6 31. Qa3 e5 32. Bf1 e4 33. f3 exf3 34. Qxf3 Rf6 35. Qg3 Be6 36. c3 Qf7 37. Rf2 Kc8 38. Bg2 Nxg2 39. Rxf6 Qxf6 40. Kxg2 h4 41. Qf3 h3+ 42. Kf2 Qh4+ 43. Qg3 Qxg3+ 44. Kxg3 Kd7 45. Kf4 Ke7 46. Ke5 g5 47. Rb1 Bc8 48. Rg1 g4 49. Kxd5 Bd7 50. Rg3 Bb5 51. Rxg4 Kf7 52. Rf4+ Kg6 53. Ke6 Bxa6 54. d5 Bc8+ 55. Ke7 Ba6 56. d6 1-0

[Event "IECC O-3310"]
[Site "IECC email"]
[Date "2011.03.20"]
[Round "?"]
[White "Tan, Rufilo A Jr"]
[Black "Gorin, Anton Valerievich"]
[Result "1/2-1/2"]
[WhiteElo "1589"]
[BlackElo "1620"]
[PlyCount "119"]
[EventDate "2011.??.??"]
[EventType "swiss (corr)"]
[EventRounds "2"]
[SourceTitle "Telechess CBM 145"]
[Source "Chessbase"]
[SourceDate "2011.11.11"]
[SourceVersion "1"]
[SourceVersionDate "2011.11.11"]
[SourceQuality "1"]
[WhiteTeam "Philippines"]
[BlackTeam "Russia"]
[WhiteTeamCountry "PHI"]
[BlackTeamCountry "RUS"]

1. e4 c5 2. Nf3 d6 3. d4 cxd4 4. Nxd4 Nf6 5. Nc3 g6 6. Be3 Bg7 7. f3 0-0 8. Bc4 Nc6 9. Qd2 Bd7 10. Bb3 Rc8 11. 0-0-0 Ne5 12. Kb1 Nc4 13. Bxc4 Rxc4 14. h4 h5 15. Qe2 Rxc3 16. bxc3 Qc7 17. Nb3 Qxc3 18. Bd4 Qc7 19. Bb2 Be6 20. Rhe1 b6 21. Qd2 Rc8 22. g3 Qc4 23. e5 dxe5 24. Bxe5 Kh7 25. Qe2 Qa4 26. Rd4 Qc6 27. Rd2 Bc4 28. Qg2 a6 29. Bb2 Nd5 30. Bxg7 Kxg7 31. Qf2 a5 32. g4 a4 33. Qd4+ f6 34. gxh5 gxh5 35. f4 Kf7 36. Ka1 axb3 37. cxb3 Bxb3 38. axb3 Nxf4 39. Ka2 Ra8+ 40. Kb1 e5 41. Qd7+ Qxd7 42. Rxd7+ Ke6 43. Red1 Kf5 44. R1d6 Rf8 45. Rxb6 Kg4 46. Rg7+ Kxh4 47. Rd6 e4 48. Rd1 f5 49. Rh1+ Nh3 50. Rg2 f4 51. Rgh2 Kg4 52. Rxh3 f3 53. Rxh5 f2 54. R5h4+ Kf3 55. R1h3+ Kg2 56. Rh2+ Kg3 57. Rxf2 Rxf2 58. Rxe4 Kf3 59. Re7 Rh2 60. Kc1 1/2-1/2